My sister's keeper [

Parental guidance is advisable for children below 13 years old (PG13)

Bibliographic Details
Main Author: Cassavetes, Nick
Format: Book
Published: s.l : New Line Cinema , 20-
Subjects:

MARC

LEADER 00000cam a2200000 7i4500
001 0000166328
005 20120928.0
090 0 0 |a F   |b MYS 
100 1 |a Cassavetes, Nick 
245 1 0 |a My sister's keeper [  |h digital video disc]   |c Nick Cassavetes 
260 |a s.l :   |b New Line Cinema ,   |c 20- 
300 |a 1 digital video disc (109 minutes) :   |b col 
500 |a Library has 2 copies 
520 0 |a Parental guidance is advisable for children below 13 years old (PG13) 
650 0 0 |a Movies, English 
999 |a AV 30482   |b DIGITAL VIDEO DISC   |c PINJAMAN   |e PERPUSTAKAAN KOMUNITI PETALING JAYA 
999 |a AV 30483   |b DIGITAL VIDEO DISC   |c PINJAMAN   |e PERPUSTAKAAN KOMUNITI PETALING JAYA